Fior del canto: poetas italianos
Uloženo v:
| Hlavní autoři: | , , , , , |
|---|---|
| Další autoři: | , |
| Médium: | Kniha |
| Jazyk: | španělština |
| Vydáno: |
Santiago
Universidad Católica de Valparaíso
1996
|
| Témata: | |
| Tagy: |
Přidat tag
Žádné tagy, Buďte první, kdo vytvoří štítek k tomuto záznamu!
|
MARC
| LEADER | 00000nam a2200000 a 4500 | ||
|---|---|---|---|
| 001 | UCT6106 | ||
| 003 | CL-VaPUC | ||
| 008 | 961230e19960000CL |||||||||||||||||spa|d | ||
| 082 | 0 | 4 | |a 851 |b CAM |2 21 |
| 100 | 0 | |a Campana, Dino |e author |9 375872 | |
| 700 | 0 | |a Ungaretti, Giuseppe |e author |9 375873 | |
| 700 | |a Montale, Eugenio |e autor |9 313853 | ||
| 700 | |a Pavese, Cesare |e autor |9 326600 | ||
| 700 | 0 | |a Gatto, Alfonso |e author |9 375874 | |
| 700 | 0 | |a Caproni, Giorgio |e author |9 375875 | |
| 700 | 0 | |a Bertolucci, Attilio |e author |9 375876 | |
| 700 | 0 | |a Penna, Sandro |e author |9 375877 | |
| 245 | 1 | 0 | |a Fior del canto: poetas italianos |
| 300 | |a 24 p | ||
| 942 | |c BK | ||
| 945 | |d 19961230 00:00:00 |a nastorga | ||
| 260 | |a Santiago |b Universidad Católica de Valparaíso |c 1996 | ||
| 650 | 0 | |a Poesías italianas |9 265352 | |
| 650 | 0 | |a Poetas italianos |9 375878 | |
| 583 | |a last modification |c 19961230 00:00:00 |k Rodrigo Vera | ||
| 999 | |c 254833 |d 254831 | ||
| 952 | |0 0 |1 0 |4 0 |6 851_000000000000000_CAM_1996 |7 0 |8 A |9 276751 |a BIBEDU |b BIBEDU |d 2019-11-19 |i 326436K |o 851 CAM 1996 |p 326436K |r 2019-11-19 |w 2019-11-19 |y BK |k LIT | ||